Las pinturas prehistóricas de Peña Tú / (Record no. 145726)
[ view plain ]
| 000 -LEADER | |
|---|---|
| campo de control de longitud fija | 01235nam a2200241 i 4500 |
| 001 - NÚMERO DE CONTROL | |
| campo de control | 145726 |
| 003 - IDENTIFICADOR DE NÚMERO DE CONTROL | |
| campo de control | ES-MaACL |
| 005 - FECHA Y HORA DE LA ÚLTIMA TRANSACCIÓN | |
| campo de control | 20260201162719.0 |
| 007 - CAMPO FIJO DE DESCRIPCIÓN FÍSICA--INFORMACIÓN GENERAL | |
| campo de control de longitud fija | t| |
| 008 - DATOS DE LONGITUD FIJA--INFORMACIÓN GENERAL | |
| campo de control de longitud fija | 180530q1914 sp ||||1| spa d |
| 100 1# - ENTRADA PRINCIPAL--NOMBRE DE PERSONA | |
| Nombre de persona | Hernández-Pacheco, Eduardo, |
| Fechas asociadas al nombre | 1872-1965 |
| 9 (RLIN) | 63012 |
| 245 14 - MENCIÓN DEL TÍTULO | |
| Título | Las pinturas prehistóricas de Peña Tú / |
| Mención de responsabilidad, etc. | por Eduardo Hernández-Pacheco... y Juan Cabré... ; con la colaboración del Conde de la Vega del Sella. |
| 260 ## - PUBLICACIÓN, DISTRIBUCIÓN, ETC. | |
| Lugar de publicación, distribución, etc. | Madrid : |
| Nombre del editor, distribuidor, etc. | [s.n.], |
| Fecha de publicación, distribución, etc. | 1914 ( |
| Fabricante | Artes Gráficas Mateu) |
| 300 ## - DESCRIPCIÓN FÍSICA | |
| Extensión | 23 p., II lám. neg. y col. : |
| Otras características físicas | il. ; |
| Dimensiones | 28 cm. |
| 490 1# - MENCIÓN DE SERIE | |
| Mención de serie | Trabajos de la Comisión de Investigaciones Paleontológicas y Prehistóricas ; |
| Designación de volumen o secuencia | 2 |
| 594 ## - Nota al título y mención de responsabilidad | |
| Nota al título y mención de responsabilidad | Precede al tít.: Junta para Ampliación de Estudios e Investigaciones Científicas, Instituto Nacional de Ciencias Físico-Naturales. |
| 650 #7 - PUNTO DE ACCESO ADICIONAL DE MATERIA--TÉRMINO DE MATERIA | |
| Término de materia o nombre geográfico como elemento de entrada | Pintura rupestre- |
| Subdivisión geográfica | Llanes (Asturias) |
| Fuente del encabezamiento o término | |
| 9 (RLIN) | 164835 |
| 700 1# - ENTRADA AGREGADA--NOMBRE PERSONAL | |
| Nombre de persona | Cabré Aguiló, Juan, |
| Fechas asociadas al nombre | 1882-1947 |
| 9 (RLIN) | 33266 |
| 700 1# - ENTRADA AGREGADA--NOMBRE PERSONAL | |
| Nombre de persona | Vega del Sella, Ricardo, |
| Títulos y otros términos asociados al nombre | Duque de Estrada y Martínez de Morentín, Conde de la Vega del Sella. |
| 9 (RLIN) | 164836 |
| 830 0# - PUNTO DE ACCESO ADICIONAL DE SERIE-TÍTULO UNIFORME | |
| Título uniforme | Trabajos de la Comisión de Investigaciones Paleontológicas y Prehistóricas ; |
| Designación de volumen o secuencia | 2 |
| 9 (RLIN) | 184854 |
| 852 ## - LOCALIZACIÓN | |
| Ubicación | ES-MaACL |
| Número de control de estantería | B-12999(1) |
| Estatus retirado | Estado de pérdida | Estado de daño | No para préstamo | Biblioteca de origen | Biblioteca actual | Ubicación en estantería | Fecha de adquisición | Fuente de adquisición | Total de préstamos | Signatura topográfica completa | Código de barras | Visto por última vez | Precio de reemplazo | Tipo de ítem Koha |
|---|---|---|---|---|---|---|---|---|---|---|---|---|---|---|
| Biblioteca del Ateneo de Madrid | Biblioteca del Ateneo de Madrid | Sala Pardo Bazán | 30/05/2018 | B-12999(1) | 1198904 | 23/02/2023 | 23/02/2023 | Libro impreso |
